Third generation communication systems : future developments and advanced topics (Record no. 78250)

MARC details
000 -LEADER
fixed length control field 00665nam a2200205Ia 4500
008 - FIXED-LENGTH DATA ELEMENTS--GENERAL INFORMATION
fixed length control field 191130s2004##################000#0#eng##
020 ## - INTERNATIONAL STANDARD BOOK NUMBER
ISBN 9783540438069
082 ## - DEWEY DECIMAL CLASSIFICATION NUMBER
Classification number 621.382 MA
245 ## - TITLE STATEMENT
Title Third generation communication systems : future developments and advanced topics
Statement of responsibility, etc Jian-Gou Ma, ed
260 ## - PUBLICATION, DISTRIBUTION, ETC. (IMPRINT)
Place of publication Berlin
Name of publisher Springer
Year of publication 2004
300 ## - PHYSICAL DESCRIPTION
Number of Pages vii, 236 p. : ill. ; 25 cm.
500 ## - GENERAL NOTE
General note Includes bibliographical references
650 ## - SUBJECT ADDED ENTRY--TOPICAL TERM
Topical Term Wireless communication systems - Technological innovations
700 ## - ADDED ENTRY--PERSONAL NAME
Personal name Ma, Jian-Guo
991 ## -
-- 170346
Holdings
Withdrawn status Lost status Damaged status Not for loan Home library Current library Shelving location Date acquired Full call number Accession Number Price effective from Koha item type
        Anna Centenary Library Anna Centenary Library 6TH FLOOR, A WING 09.10.2020 621.382 MA 293437 09.10.2020 English Books

Find us on the map